Aircraft performance and design (Record no. 83875)

MARC details
000 -LEADER
fixed length control field 01348nam a2200217 a 4500
008 - FIXED-LENGTH DATA ELEMENTS--GENERAL INFORMATION
fixed length control field 190806s1999 ||||||||||||||||| || u
020 ## - INTERNATIONAL STANDARD BOOK NUMBER
International Standard Book Number 9780070702455
050 ## - LIBRARY OF CONGRESS CALL NUMBER
Classification number TL 671.4 And
100 ## - MAIN ENTRY--PERSONAL NAME
Personal name Anderson, John D
245 10 - TITLE STATEMENT
Title Aircraft performance and design
Statement of responsibility, etc. By John D. Anderson
260 ## - PUBLICATION, DISTRIBUTION, ETC.
Place of publication, distribution, etc. Chennai
Name of publisher, distributor, etc. McGraw-Hill Education
Date of publication, distribution, etc. 1999
260 ## - PUBLICATION, DISTRIBUTION, ETC.
Place of publication, distribution, etc. Chennai
Name of publisher, distributor, etc. McGraw Hill Education (India) Private Limited
Date of publication, distribution, etc. 1999
300 ## - PHYSICAL DESCRIPTION
Extent xvi, 580 pages : illustrations
650 #0 - SUBJECT ADDED ENTRY--TOPICAL TERM
Topical term or geographic name entry element AIRPLANES--DESIGN AND CONSTRUCTION
650 #0 - SUBJECT ADDED ENTRY--TOPICAL TERM
Topical term or geographic name entry element AIRPLANES--PERFORMANCE
995 ## -
-- MAIN LIBRARY OPEN ACCESS
-- 43.48
-- 749501
-- CBU-MAIN LIBRARY (Kitwe)
-- TL 671.4 And
-- 1
-- AVAILABLE
-- Aug 7, 2019
-- 749501
-- Main Library Open Access Collection
995 ## -
-- MAIN LIBRARY OPEN ACCESS
-- 43.48
-- 749502
-- CBU-MAIN LIBRARY (Kitwe)
-- TL 671.4 And
-- 4
-- AVAILABLE
-- Aug 7, 2019
-- 749502
-- Main Library Open Access Collection
995 ## -
-- MAIN LIBRARY OPEN ACCESS
-- 43.48
-- 749500
-- CBU-MAIN LIBRARY (Kitwe)
-- TL 671.4 And
-- 3
-- AVAILABLE
-- Aug 7, 2019
-- 749500
-- Main Library Open Access Collection
995 ## -
-- MAIN LIBRARY OPEN ACCESS
-- 43.48
-- 749499
-- CBU-MAIN LIBRARY (Kitwe)
-- TL 671.4 And
-- 2
-- AVAILABLE
-- Aug 7, 2019
-- 749499
-- Main Library Open Access Collection
995 ## -
-- SHORT LOAN BOOKS
-- 750083
-- CBU-MAIN LIBRARY (Kitwe)
-- TL 671.4 And
-- 5
-- AVAILABLE
-- Nov 27, 2019
-- 750083
-- Short Loan Collection
999 ## -
-- 83875
-- 83875
Holdings
Withdrawn status Lost status Source of classification or shelving scheme Damaged status Not for loan Permanent Location Current Location Shelving location Date acquired Total Checkouts Full call number Barcode Date last seen Copy number Price effective from Koha item type
          CBU-MAIN LIBRARY, KITWE. CBU-MAIN LIBRARY, KITWE.   01/08/2024   TL 671.4 And 749501 01/08/2024 1 01/08/2024 MONOGRAPH
          CBU-MAIN LIBRARY, KITWE. CBU-MAIN LIBRARY, KITWE.   01/08/2024   TL 671.4 And 749502 01/08/2024 2 01/08/2024 MONOGRAPH
          CBU-MAIN LIBRARY, KITWE. CBU-MAIN LIBRARY, KITWE.   01/08/2024   TL 671.4 And 749500 01/08/2024 3 01/08/2024 MONOGRAPH
          CBU-MAIN LIBRARY, KITWE. CBU-MAIN LIBRARY, KITWE.   01/08/2024   TL 671.4 And 749499 01/08/2024 4 01/08/2024 MONOGRAPH
          CBU-MAIN LIBRARY, KITWE. CBU-MAIN LIBRARY, KITWE.   01/08/2024   TL 671.4 And 750083 01/08/2024 5 01/08/2024 SHORT LOAN COLLECTION